Философия Учебное пособие
Кратко изложены основные философские проблемы в соответствии с требованиями Федерального государственного образовательного стандарта высшего образования последнего поколения. Для студентов высших учебных заведений обучающихся по инженерным и естественно-научным специальностям....
Kaydedildi:
| Yazar: | |
|---|---|
| Materyal Türü: | Учебное пособие |
| Edisyon: | 2 |
| Seri Bilgileri: | Высшее образование: Бакалавриат |
| Online Erişim: | https://znanium.com/catalog/document?id=377906 https://znanium.com/cover/1655/1655067.jpg |
| Etiketler: |
Etiketle
Etiket eklenmemiş, İlk siz ekleyin!
|
| LEADER | 02214nam0a2200325 i 4500 | ||
|---|---|---|---|
| 001 | RU\infra-m\znanium\bibl\1655067 | ||
| 003 | https://znanium.com/catalog/document?id=377906 | ||
| 005 | 20250123000000.0 | ||
| 010 | |a 978-5-16-011951-9 | ||
| 010 | |a 978-5-16-104526-8 |b электр. издание | ||
| 100 | |a 20250123d2021 m y0rusy0150 ca | ||
| 101 | 0 | |a rus | |
| 102 | |a RU | ||
| 200 | 1 | |a Философия |e Учебное пособие |f Казанский национальный исследовательский технологический университет | |
| 205 | |a 2 |b перераб. и доп. | ||
| 210 | 1 | |a Москва |c ООО "Научно-издательский центр ИНФРА-М" |d 2021 | |
| 215 | |a 180 с. | ||
| 225 | 1 | |a Высшее образование: Бакалавриат | |
| 330 | |a Кратко изложены основные философские проблемы в соответствии с требованиями Федерального государственного образовательного стандарта высшего образования последнего поколения. Для студентов высших учебных заведений обучающихся по инженерным и естественно-научным специальностям. | ||
| 333 | |a ВО - Бакалавриат | ||
| 606 | |a Философия |x Общая философия |2 local | ||
| 608 | |a Учебное пособие |2 local | ||
| 675 | |a 1(075.8) |z rus | ||
| 686 | |a 87я73 |2 rubbk | ||
| 686 | |a 00.03.11 |2 okso | ||
| 686 | |a 00.05.11 |2 okso | ||
| 700 | 1 | |a Свергузов |b А. Т. |g Анвер Тяфикович |p Казанский национальный исследовательский технологический университет | |
| 801 | 0 | |a RU |b Общество с ограниченной ответственностью «ЗНАНИУМ» |c 20210518 |2 rusmarc | |
| 856 | 4 | |a znanium.com |m ebs_support@infra-m.ru |n НИЦ ИНФРА-М |u https://znanium.com/catalog/document?id=377906 | |
| 856 | 4 | 1 | |a znanium.com |d /cover/1655 |f 1655067.jpg |q image/jpeg |u https://znanium.com/cover/1655/1655067.jpg |